<?xml version="1.0" encoding="UTF-8"?>
<record
    xmlns:xsi="http://www.w3.org/2001/XMLSchema-instance"
    xsi:schemaLocation="http://www.loc.gov/MARC21/slim http://www.loc.gov/standards/marcxml/schema/MARC21slim.xsd"
    xmlns="http://www.loc.gov/MARC21/slim">

  <leader>005900000a22001570004500</leader>
  <controlfield tag="008">100904t        xxu||||| |||| 00| 0 eng d</controlfield>
  <datafield tag="082" ind1=" " ind2=" ">
    <subfield code="a">26885</subfield>
  </datafield>
  <datafield tag="090" ind1=" " ind2=" ">
    <subfield code="c">26885</subfield>
    <subfield code="d">26885</subfield>
  </datafield>
  <datafield tag="100" ind1=" " ind2=" ">
    <subfield code="a">Ekemu, Rebecca Olivia</subfield>
    <subfield code="9">46697</subfield>
  </datafield>
  <datafield tag="245" ind1=" " ind2=" ">
    <subfield code="a">Performance evaluation system in financial institutions : </subfield>
    <subfield code="b">a case study of Centenary Rural Development Bank Ltd /</subfield>
    <subfield code="c">Ekemu,Rebecca Olivia</subfield>
  </datafield>
  <datafield tag="260" ind1=" " ind2=" ">
    <subfield code="a">Nkozi :</subfield>
    <subfield code="b"> Uganda Martyrs University,</subfield>
    <subfield code="c">2002</subfield>
  </datafield>
  <datafield tag="300" ind1=" " ind2=" ">
    <subfield code="a">xi, 81p. ; </subfield>
    <subfield code="c">30 cm.</subfield>
  </datafield>
  <datafield tag="500" ind1=" " ind2=" ">
    <subfield code="a">Master of Business Administration and Management</subfield>
  </datafield>
  <datafield tag="650" ind1=" " ind2=" ">
    <subfield code="a">Evaluation system</subfield>
    <subfield code="9">46698</subfield>
  </datafield>
  <datafield tag="942" ind1=" " ind2=" ">
    <subfield code="c">MASTER DIS</subfield>
    <subfield code="2">ddc</subfield>
  </datafield>
  <datafield tag="999" ind1=" " ind2=" ">
    <subfield code="c">26885</subfield>
    <subfield code="d">26885</subfield>
  </datafield>
  <datafield tag="952" ind1=" " ind2=" ">
    <subfield code="0">0</subfield>
    <subfield code="1">0</subfield>
    <subfield code="2">ddc</subfield>
    <subfield code="4">0</subfield>
    <subfield code="7">0</subfield>
    <subfield code="a">ABK</subfield>
    <subfield code="b">ABK</subfield>
    <subfield code="d">2008-11-01</subfield>
    <subfield code="l">1</subfield>
    <subfield code="o">26885</subfield>
    <subfield code="p">26885</subfield>
    <subfield code="r">2013-07-18 00:00:00</subfield>
    <subfield code="s">2011-04-14</subfield>
    <subfield code="w">2008-11-01</subfield>
    <subfield code="y">MASTER DIS</subfield>
  </datafield>
</record>
